ABC of Interventional Cardiology (Record no. 8143)

MARC details
000 -LEADER
fixed length control field 03321cam a22003377a 4500
001 - CONTROL NUMBER
control field 16461103
003 - CONTROL NUMBER IDENTIFIER
control field OSt
005 - DATE AND TIME OF LATEST TRANSACTION
control field 20231018084812.0
008 - FIXED-LENGTH DATA ELEMENTS--GENERAL INFORMATION
fixed length control field 100914s2011 enka b 001 0 eng d
010 ## - LIBRARY OF CONGRESS CONTROL NUMBER
LC control number 2010039150
020 ## - INTERNATIONAL STANDARD BOOK NUMBER
International Standard Book Number 9781405170673 (pbk. : alk. paper)
020 ## - INTERNATIONAL STANDARD BOOK NUMBER
International Standard Book Number 1405170670 (pbk. : alk. paper)
035 ## - SYSTEM CONTROL NUMBER
System control number (OCoLC)ocn701595656
040 ## - CATALOGING SOURCE
Original cataloging agency Q2U
Language of cataloging eng
Transcribing agency Q2U
Modifying agency UOH
-- OCLCQ
-- NLE
-- DLC
042 ## - AUTHENTICATION CODE
Authentication code lccopycat
050 00 - LIBRARY OF CONGRESS CALL NUMBER
Classification number RC683.8
Item number .A23 2011
082 04 - DEWEY DECIMAL CLASSIFICATION NUMBER
Classification number WG100 M8981 2011
Edition number 22
100 ## - MAIN ENTRY--PERSONAL NAME
Personal name Grech, Ever D.
9 (RLIN) 16636
245 00 - TITLE STATEMENT
Title ABC of Interventional Cardiology
250 ## - EDITION STATEMENT
Edition statement 2nd ed.
260 ## - PUBLICATION, DISTRIBUTION, ETC. (IMPRINT)
Place of publication, distribution, etc. Oxford ;
Name of publisher, distributor, etc. Wiley-Blackwell/BMJ Books,
Date of publication, distribution, etc. 2011.
300 ## - PHYSICAL DESCRIPTION
Extent xii, 102 p. :
Other physical details ill. (some col.) ;
Dimensions 28 cm.
504 ## - BIBLIOGRAPHY, ETC. NOTE
Bibliography, etc Includes bibliographical references and index.
505 8# - FORMATTED CONTENTS NOTE
Formatted contents note Machine generated contents note: Contributors. -- Preface to the second edition. -- List of trial acronyms. -- 1. Modifying risk factors to improve prognosis (Kevin S Channer and Ever D Grech). -- 2. Pathophysiology and investigation of coronary artery disease (Ever D Grech). -- 3. Percutaneous coronary intervention I: History and development (Ever D Grech). -- 4. Percutaneous coronary intervention II: The procedure (Ever D Grech). -- 5. Chronic stable angina: treatment options (Laurence O'Toole and Ever D Grech). -- 6. Acute coronary syndrome: unstable angina and non-ST segment elevation myocardial infarction (Ever D Grech). -- 7. Acute coronary syndrome: ST segment elevation myocardial infarction (Ever D Grech). -- 8. Percutaneous coronary intervention: Cardiogenic shock (Ever D Grech). -- 9. Interventional pharmacotherapy (Ever D Grech and Robert F Storey). -- 10. Non-coronary percutaneous intervention (Ever D Grech). -- 11. New developments in percutaneous coronary intervention (Julian Gunn and Ever D Grech). -- 12. Percutaneous interventional electrophysiology (Gerry C Kaye). -- 13. Implantable devices for treating tachyarrhythmias (Gerry C Kaye). -- 14. Pacemakers for brachycardia (Gerry C Kaye). -- 15. Heart failure, dys-synchrony and resynchronisation therapy (Abdallah Al-Mohammed, Ever D Grech and Jonathan Sahu). -- 16. Interventional paediatric cardiology (Damien Kenny and Kevin P Walsh). -- Index.
520 ## - SUMMARY, ETC.
Summary, etc. "This fully updated, new edition of ABC of Interventional Cardiology is an easy-to-read, practical guide for the non-specialist. It presents the complex aspects of interventional cardiology in a clear and concise manner, and explains the different interventions for coronary artery disease, valvular and structural heart disease, and electrophysiology, ordered by clinical setting. The ABC of Interventional Cardiology covers the core knowledge on techniques and management, and highlights the evidence base. Illustrated in full colour throughout, with new images and graphics, it includes key evidence and guidelines, new drug treatments and devices, with recommendations for further reading and additional resources in each chapter. It is ideal for GPs, hospital doctors, medical students, catheter laboratory staff and cardiology nurses"--Provided by publisher.
650 #0 - SUBJECT ADDED ENTRY--TOPICAL TERM
Topical term or geographic name as entry element Cardiology.
9 (RLIN) 3034
650 #0 - SUBJECT ADDED ENTRY--TOPICAL TERM
Topical term or geographic name as entry element Heart
9 (RLIN) 5890
906 ## - LOCAL DATA ELEMENT F, LDF (RLIN)
a 7
b cbc
c copycat
d 2
e epcn
f 20
g y-gencatlg
942 ## - ADDED ENTRY ELEMENTS (KOHA)
Source of classification or shelving scheme Other/Generic Classification Scheme
Koha item type Open Shelf
Holdings
Withdrawn status Lost status Source of classification or shelving scheme Damaged status Not for loan Home library Current library Date acquired Source of acquisition Inventory number Total Checkouts Full call number Barcode Date last seen Koha item type
    Other/Generic Classification Scheme     MUST Main Library MUST Main Library 20/04/2023 Donation 12/35962   WG100 M8981 2011 2023-0471 20/04/2023 Open Shelf